Brecht y el realismo dialéctico / (Record no. 35658)

MARC details
000 -LEADER
campo de control de longitud fija 00719nam a2200205 i 4500
001 - NÚMERO DE CONTROL
campo de control 35658
003 - IDENTIFICADOR DE NÚMERO DE CONTROL
campo de control ES-MaACL
005 - FECHA Y HORA DE LA ÚLTIMA TRANSACCIÓN
campo de control 20250813063300.0
007 - CAMPO FIJO DE DESCRIPCIÓN FÍSICA--INFORMACIÓN GENERAL
campo de control de longitud fija t|
008 - DATOS DE LONGITUD FIJA--INFORMACIÓN GENERAL
campo de control de longitud fija 030213s1975 sp ||||1| spa d
100 1# - ENTRADA PRINCIPAL--NOMBRE DE PERSONA
Nombre de persona Brecht, Bertolt,
Fechas asociadas al nombre 1898-1956
9 (RLIN) 31544
245 10 - MENCIÓN DEL TÍTULO
Título Brecht y el realismo dialéctico /
Mención de responsabilidad, etc. Bertolt Brecht ; selección, prólogo, cronología y bibliografía Juan Antonio Hormigón ; [traducción, J. Ocina y Mariano Anós].
260 ## - PUBLICACIÓN, DISTRIBUCIÓN, ETC.
Lugar de publicación, distribución, etc. [Madrid :
Nombre del editor, distribuidor, etc. Alberto Corazón,
Fecha de publicación, distribución, etc. 1975]
300 ## - DESCRIPCIÓN FÍSICA
Extensión 399 p. ;
Dimensiones 21 cm.
700 1# - ENTRADA AGREGADA--NOMBRE PERSONAL
Nombre de persona Hormigón, Juan Antonio.
9 (RLIN) 64204
700 1# - ENTRADA AGREGADA--NOMBRE PERSONAL
Nombre de persona Ocina, J.
9 (RLIN) 86502
700 1# - ENTRADA AGREGADA--NOMBRE PERSONAL
Nombre de persona Anós, Mariano.
9 (RLIN) 21816
852 ## - LOCALIZACIÓN
Ubicación ES-MaACL
Número de control de estantería E-7328
Sublocalización o colección R.91971
Holdings
Estatus retirado Estado de pérdida Estado de daño No para préstamo Biblioteca de origen Biblioteca actual Ubicación en estantería Fecha de adquisición Fuente de adquisición Total de préstamos Signatura topográfica completa Código de barras Visto por última vez Precio de reemplazo Tipo de ítem Koha
        Biblioteca del Ateneo de Madrid Biblioteca del Ateneo de Madrid Depósito 2 17/01/2008     E-7328 1037340 23/02/2023 23/02/2023 Libro impreso